000 01282cam a22003377a 4500
003 CHAP
005 20220329142053.0
008 990525d1998 cu a r 00110 spa d
010 _a77951
011 _a78923
035 _a89031
040 _cCHAP
090 _aTesis
100 0 0 _aSantos Moreno, Armando.
_9102515
245 1 0 _aEmpleo de un programa con enfoque sistémico y la orientación de la actividad del estudiante en la enseñanza de la bioquímica de alimentos de la carrera de Ingeniería Agroindustrial
_c/ por Armando Santos Moreno
260 _aCmagüey, Cuba :
_bEl autor,
_c1998.
300 _a107 h.
502 _aTesis (M.C. en Enseñanza de la Química) -- Universidad de Camagüey, Cuba
590 _aALEPH
_b10
_c20130110
_lUCH01
_h1429
590 _aBATCH-UPD
_b10
_c20130110
_lUCH01
_h0821
590 _aBATCH-UPD
_b10
_c20130410
_lUCH01
_h0459
590 _aBATCH-UPD
_b10
_c20130914
_lUCH01
_h0155
590 _aCONVERSION
_b10
_c20130109
_lUCH01
_h1343
650 1 4 _aAlimentos
_xBioquímica
_xPlanes de estudio.
_94174
650 1 4 _aUACH
_xPlanes de estudio.
_9115804
901 _aBK
905 _aBlanca M. García O.
942 _cFOLL
949 _bBC
_cTES
_d33724000714556
_eTS2
_fc.2
_h33974
_i89031
_sb
949 _bBC
_cTES
_d890311
_eTS1
_h33973
_i89031
_sb
999 _c77951
_d77951